| 000 | 00000nas 2200000za 4500 |
|---|---|
| 001 | 9.509296 |
| 003 | CaOODSP |
| 005 | 20241127112807 |
| 007 | ta |
| 008 | 150406c1991||||xxc|| m #||||f| |0eng|d |
| 022 | |a0410-7926 |
| 040 | |aCaOODSP|beng |
| 041 | |aeng |
| 041 | |afre |
| 043 | |an-cn--- |
| 086 | 1 |aEn57-23 |
| 110 | 1 |aCanada. |bAtmospheric Environment Service. |
| 245 | 10|aCLI / |cIssued by the Canadian Climate Program. |
| 260 | |aDownsview - Ontario : |bEnvironment Canada. |
| 546 | |aBilingual |
| 563 | |aSoftcover |
| 776 | 0#|tCLI |w(CaOODSP)9.826234 |
| 792 | |tCLI / |efre|w(CaOODSP)9.509297 |